[Event "FRA-chT"]
[Site "FRA"]
[Date "1990.??.??"]
[Round "?"]
[White "Apicella, Manuel"]
[Black "Ebalard, Marc"]
[Result "1/2-1/2"]
[WhiteElo "2390"]
[BlackElo "2235"]

1.e4 g6 2.d4 Bg7 3.Nc3 d6 4.h3 c6 5.Nf3 Nf6 6.Bd3 O-O 7.O-O b5 8.Bg5 Nbd7
9.Qd2 Qc7 10.Ne2 Bb7 11.Qf4 e5 12.Qh4 a6 13.c3 Rfe8 14.Ng3 h5 15.Rfe1 Nh7
16.Nf1 Nxg5 17.Qxg5 Nf8 18.Qd2 Ne6 19.dxe5 dxe5 20.g3 Rad8 21.Qe2 c5 22.b3 Re7
23.Ne3 Red7 24.Rad1 Bh6 25.Bc2 Rxd1 26.Rxd1 Rxd1+ 27.Nxd1 Qd6 28.Nb2 Bc6
29.Nd3 f6 30.a3 Kf7 31.h4 Ke7 32.Nde1 a5 33.Bd3 b4 34.axb4 axb4 35.cxb4 cxb4
36.Nc2 Bb7 37.Bc4 Nc5 38.Nxb4 Nxe4 39.Nd3 Qc6 40.Ndxe5 fxe5 41.Nxe5 Qf6 42.Nf7 Qa1+
43.Kh2 Kf8 44.Qd3 Qh1+ 45.Kxh1 Nxf2+ 46.Kh2 Nxd3 47.Nxh6 Ne5 48.g4 hxg4 49.Kg3 Bf3
50.Be6 Bd1 51.b4 Ba4 52.Bd5 Nd3 53.Be4 Nxb4 54.Nxg4 Bc2  1/2-1/2

[Event "Frankfurt"]
[Site "Frankfurt"]
[Date "1990.??.??"]
[Round "?"]
[White "Ostojic, Predrag"]
[Black "Alber, Horst"]
[Result "1-0"]
[WhiteElo "2355"]
[BlackElo "2340"]

1.e4 g6 2.d4 Bg7 3.Nc3 d6 4.g3 Nc6 5.d5 Nb4 6.Bg2 c5 7.Nge2 Nf6 8.O-O O-O
9.h3 Rb8 10.Re1 b5 11.a3 Na6 12.a4 bxa4 13.Nxa4 Qc7 14.Bd2 Nb4 15.Bc3 Rd8
16.Nf4 Nd7 17.Bxg7 Kxg7 18.b3 Ne5 19.c3 Na6 20.Qc2 Rb7 21.Nb2 Qb6 22.Ra3 Nc7
23.Rea1 Nb5 24.Ra6 Qc7 25.Ne2 e6 26.f4 Nd7 27.dxe6 Nb8 28.R6a5 fxe6 29.Qd3 a6
30.c4 Na7 31.Qc3+ e5 32.fxe5 dxe5 33.Nf4 Rd4 34.Nd5 Qd7 35.Nd3 Nac6 36.Nxc5  1-0

[Event "Frankfurt"]
[Site "Frankfurt"]
[Date "1990.??.??"]
[Round "?"]
[White "Zude, Arno"]
[Black "Alber, Horst"]
[Result "1-0"]
[WhiteElo "2325"]
[BlackElo "2340"]

1.e4 g6 2.d4 Bg7 3.Nc3 d6 4.Be3 a6 5.Qd2 b5 6.f3 Nd7 7.g4 Bb7 8.Nge2 c5 9.h4 cxd4
10.Nxd4 h5 11.gxh5 Rxh5 12.O-O-O Ngf6 13.Bh3 Ne5 14.Bg5 Qa5 15.Kb1 Nc4 16.Qe1 Qb4
17.Nb3 Nh7 18.Bc1 Bxc3 19.bxc3 Na3+ 20.Kb2 Qa4 21.Bg4 Re5 22.Bf4 Nxc2 23.Qe2 Rxe4
24.fxe4 Bxe4 25.Bf3 Bxf3 26.Qxf3 Rc8 27.Bxd6 exd6 28.Qe2+ Kf8 29.Qxc2 b4
30.c4 Nf6 31.Rxd6 Ng4 32.Re1 a5 33.Kb1 Qa3 34.Qc1 Qa4 35.h5 gxh5 36.Qg5 f6
37.Qxh5  1-0

[Event "Arnold Cup"]
[Site "Gausdal"]
[Date "1990.??.??"]
[Round "1"]
[White "Ernst, Thomas"]
[Black "Wessman, Richard"]
[Result "0-1"]
[WhiteElo "2440"]
[BlackElo "2505"]

1.e4 g6 2.d4 Bg7 3.Nc3 d6 4.Be3 Nd7 5.Qd2 a6 6.h4 h5 7.Nh3 Ndf6 8.f3 Bxh3
9.Rxh3 e6 10.Rh1 Ne7 11.Rg1 d5 12.Be2 b5 13.a3 c6 14.O-O-O a5 15.e5 Nd7 16.g4 Nb6
17.Bg5 Qb8 18.b3 b4 19.axb4 axb4 20.Nb1 Nd7 21.gxh5 Rxh5 22.f4 Rxg5 23.hxg5 c5
24.Rh1 Nf5 25.Rh7 Bf8 26.dxc5 Bxc5 27.Rh8+ Nf8 28.Rh3 Ra2 29.Re1 Nd4 30.Bd1 Qa7
31.Qd3 Ra1 32.c4 bxc3 33.Qxc3 Qa2 34.Bc2 Nxc2 35.Qxc2 Rxb1+  0-1

[Event "Gausdal Int"]
[Site "Gausdal"]
[Date "1990.??.??"]
[Round "1"]
[White "Huenerkopf, Heinz"]
[Black "Gausel, Einar"]
[Result "0-1"]
[WhiteElo "2295"]
[BlackElo "2460"]

1.e4 g6 2.d4 Bg7 3.Nc3 d6 4.Bc4 a6 5.Nf3 e6 6.a4 b6 7.O-O Ne7 8.Bb3 h6 9.Be3 Nd7
10.Qd2 Bb7 11.Ne1 Nf6 12.f3 d5 13.e5 Nd7 14.Ne2 c5 15.c3 a5 16.Nc2 Ba6 17.Rfe1 Bf8
18.Ng3 Qc7 19.Na3 Qb7 20.Bc2 cxd4 21.Bxd4 Nc6 22.Ne2 Rc8 23.Kh1 Be7 24.Nb5 Bxb5
25.axb5 Nxd4 26.Nxd4 Bc5 27.Ra4 Bxd4 28.Rxd4 Rc5 29.Bd3 Qc7 30.Qf4 Qd8 31.c4 Qg5
32.Qxg5 hxg5 33.cxd5 Rxd5 34.Rxd5 exd5 35.e6 Nc5 36.exf7+ Kxf7 37.Bc2 Rh4
38.g3 Rb4 39.b3 Nxb3 40.Re5 Nd4 41.Bd3 Rb3  0-1

[Event "Gausdal Int"]
[Site "Gausdal"]
[Date "1990.??.??"]
[Round "1"]
[White "Fransson, Peter"]
[Black "Hoi, Carsten"]
[Result "1/2-1/2"]
[WhiteElo "2260"]
[BlackElo "2415"]

1.e4 g6 2.d4 Bg7 3.Nc3 d6 4.Nf3 Nf6 5.h3 O-O 6.Be3 a6 7.a4 Nc6 8.Be2 e5 9.dxe5 Nxe5
10.Nxe5 dxe5 11.Qxd8 Rxd8 12.Bc4 Bd7  1/2-1/2

[Event "Peer Gynt"]
[Site "Gausdal"]
[Date "1990.??.??"]
[Round "2"]
[White "Djurhuus, Rune"]
[Black "Hoi, Carsten"]
[Result "1-0"]
[WhiteElo "2405"]
[BlackElo "2415"]

1.e4 g6 2.d4 Bg7 3.Nc3 d6 4.Nge2 Nf6 5.g3 O-O 6.Bg2 e5 7.O-O Nc6 8.dxe5 dxe5
9.Bg5 Be6 10.Nd5 Bxd5 11.exd5 Ne7 12.c4 h6 13.Bd2 Nf5 14.Bc3 Re8 15.Qb3 Rb8
16.Rfe1 b6 17.Rad1 Nd7 18.Qc2 a5 19.b3 Nd6 20.Bb2 f5 21.f4 e4 22.Nd4 Qf6
23.a3 Nc5 24.Ba1 Qf7 25.Nc6 Nd3 26.Re3 Bxa1 27.Rxa1 Qg7 28.Rd1 Ra8 29.Bf1 g5
30.Kh1 Kh7 31.Bxd3 exd3 32.Qxd3 gxf4 33.gxf4 Ne4 34.Re2 Qg4 35.Rg2 Nc5 36.Qb1 Qh5
37.Nd4 Ne4 38.Rdg1 Rg8 39.Qb2 Nd6 40.Ne6 Qf3 41.a4 c6 42.Nd4 Rxg2 43.Rxg2 Qe4
44.Nf3 Rg8 45.Rxg8 Kxg8 46.Qg2+ Kf8 47.dxc6 Qxc6 48.Nd4 Qe8 49.Qe2 Qe4+ 50.Qxe4 fxe4
51.Kg2 Nb7 52.Kf2 Nc5 53.Ke3 Kf7 54.Nf5 Ke6 55.Ng3 Nxb3 56.Nxe4 h5 57.h4 Kf5
58.Nd6+ Kg4 59.f5 Nc5 60.f6 Kxh4 61.Kf4 Ne6+ 62.Kf5 Nf8 63.Nc8 Kg3 64.Nxb6 h4
65.Nd5 h3 66.Ne3 Kf3 67.Ng4  1-0

[Event "Peer Gynt"]
[Site "Gausdal"]
[Date "1990.??.??"]
[Round "2"]
[White "Engedal, Kim Nikolai"]
[Black "Davies, Nigel R"]
[Result "0-1"]
[WhiteElo "2280"]
[BlackElo "2485"]

1.e4 g6 2.d4 Bg7 3.Nc3 d6 4.f4 Nc6 5.Be3 Nf6 6.Nf3 e6 7.Be2 O-O 8.O-O Ne7
9.Nd2 b6 10.a4 a6 11.Qe1 c5 12.Qf2 Bb7 13.Bf3 Qc7 14.a5 cxd4 15.Bxd4 b5 16.Bb6 Qc8
17.Rac1 Nd7 18.Bd4 e5 19.Be3 f5 20.g3 exf4 21.gxf4 b4 22.Nd1 Nf6 23.Qg2 fxe4
24.Nxe4 Nxe4 25.Bxe4 Bxe4 26.Qxe4 Qg4+ 27.Kh1 Nf5 28.Qxb4 Ng3+ 29.Kg1 Nxf1+
30.Kxf1 Qh3+ 31.Kg1 Rae8 32.Qd2 Rxf4  0-1

[Event "Troll Masters"]
[Site "Gausdal"]
[Date "1990.??.??"]
[Round "2"]
[White "Bellin, Robert"]
[Black "Hoi, Carsten"]
[Result "1/2-1/2"]
[WhiteElo "2395"]
[BlackElo "2445"]

1.e4 g6 2.d4 Bg7 3.Nc3 d6 4.f4 Nf6 5.Nf3 O-O 6.Bd3 Na6 7.e5 Ne8 8.Be3 c5
9.dxc5 Nxc5 10.Bxc5 dxc5 11.Qe2 Qa5 12.O-O  1/2-1/2

[Event "Peer Gynt"]
[Site "Gausdal"]
[Date "1990.??.??"]
[Round "7"]
[White "Winsnes, Rikard"]
[Black "Bern, Ivar"]
[Result "1/2-1/2"]
[WhiteElo "2355"]
[BlackElo "2335"]

1.e4 g6 2.d4 Bg7 3.Nc3 d6 4.Be3 a6 5.Qd2 Nd7 6.h4 h5 7.a4 Ngf6 8.f3 O-O 9.Nh3 c5
10.dxc5 Nxc5 11.e5 Nfd7 12.exd6 exd6 13.Nf4 Ne5 14.O-O-O Bf5 15.Kb1 Qe8 16.Qxd6 Nxa4
17.Nfd5 Nxc3+ 18.Nxc3 Nc6 19.Bb6 Be5 20.Qa3 Qe6 21.Bd3 Bxd3  1/2-1/2

[Event "Gausdal Int"]
[Site "Gausdal"]
[Date "1990.??.??"]
[Round "8"]
[White "Yurtaev, Leonid"]
[Black "Hoi, Carsten"]
[Result "1-0"]
[WhiteElo "2515"]
[BlackElo "2415"]

1.e4 g6 2.d4 Bg7 3.Nc3 d6 4.Be2 Nc6 5.Nf3 Bg4 6.d5 Bxf3 7.Bxf3 Nd4 8.O-O c5
9.Re1 Nf6 10.Bf4 Nd7 11.Bg4 Ne5 12.Bxe5 Bxe5 13.Nb1 h5 14.Bh3 g5 15.g3 g4
16.Bg2 h4 17.Nd2 hxg3 18.hxg3 Qd7 19.c3 Nb5 20.Nc4 O-O-O 21.Qd3 Kb8 22.Rab1 Nc7
23.b4 cxb4 24.Rxb4 Ka8 25.Reb1 Na6 26.Rxb7 Qxb7 27.Rxb7 Nc5 28.Rxa7+ Kxa7
29.Qe3 f6 30.Na5 Kb6 31.Nc6 Ra8 32.Qe2 Bxc3 33.Bf1 Kc7 34.Qxg4 f5 35.Qxf5 Rhf8
36.Qh7 Bf6 37.e5 dxe5 38.Nxe7 Rh8 39.Qf7 Raf8 40.d6+ Kxd6 41.Nf5+ Kc6 42.Qc4  1-0

[Event "Arnold Cup"]
[Site "Gausdal"]
[Date "1990.??.??"]
[Round "9"]
[White "Ernst, Thomas"]
[Black "Reeh, Oliver"]
[Result "0-1"]
[WhiteElo "2440"]
[BlackElo "2425"]

1.e4 d6 2.d4 g6 3.Nc3 Bg7 4.Be3 a6 5.Qd2 b5 6.a4 b4 7.Nd1 a5 8.c3 bxc3 9.bxc3 Nd7
10.Bd3 Ba6 11.Bxa6 Rxa6 12.Ne2 Ngf6 13.f3 O-O 14.O-O Qa8 15.Nf2 Rb8 16.Nd3 Rab6
17.c4 c5 18.dxc5 Nxc5 19.Nxc5 Rb2 20.Qe1 dxc5 21.Bxc5 Nd7 22.Bxe7 Qa7+ 23.Kh1 Ne5
24.Bd6 Nd3 25.Qg3 R8b3 26.Nc1 Nf2+ 27.Rxf2 Rxf2 28.Nxb3 Bxa1 29.h4 Rf1+ 30.Kh2 Qg1+
31.Kh3 Qe3 32.Qg5 Qxg5 33.hxg5 Bc3 34.c5 Bb4 35.Be5 Kf8 36.c6 Ke8 37.Bc7 Rb1
38.Nxa5 Rc1 39.Bb6 Bxa5 40.Bxa5 Rxc6 41.Be1 Rc1 42.Bd2 Rc2 43.Be1 Kd7 44.a5 Kc6
45.Kg3 Kb5 46.Kh3 Ra2 47.Kg3 Kc4 48.Kh3 Kd3 49.Kg3 Ke2 50.Bb4 Kf1 51.Bc3 Rxg2+
52.Kf4 Rc2 53.Bd4 Ra2 54.Bb6 Ke2 55.Bd8 Ra3 56.Ke5 Kxf3 57.Kd4 Kf4 58.Kc5 Kxe4
59.Kb6 Kd5 60.a6 Ke6 61.a7 f5 62.gxf6 Kf7 63.Be7 Ra4 64.Bc5 Rxa7 65.Kxa7 Kxf6
66.Kb6 h5 67.Kb5 h4 68.Kc4 Ke5 69.Kd3 h3 70.Ba7 Kf4 71.Bb8+ Kf3 72.Kd4 g5  0-1

[Event "BL2-W8990"]
[Site "Germany"]
[Date "1990.??.??"]
[Round "?"]
[White "Kaeser, Udo"]
[Black "Cuijpers, Frans Andre"]
[Result "1/2-1/2"]
[WhiteElo "2270"]
[BlackElo "2400"]

1.e4 g6 2.Nc3 Bg7 3.d4 d6 4.g3 Nf6 5.Bg2 O-O 6.Nge2 c6 7.h3 e5 8.Be3 Be6
9.O-O b5 10.dxe5 dxe5 11.Bc5 Re8 12.Qxd8 Rxd8 13.a4 Nbd7 14.Be7 Rdc8 15.axb5 cxb5
16.Nxb5 Rxc2 17.Nec3 Rxb2 18.Nc7 Rc8 19.Rxa7 Bc4 20.Rd1 Bf8 21.N3d5 Nxd5
22.Nxd5 Bxd5 23.Bxf8 Nxf8 24.exd5 Rcc2 25.d6 Rxf2 26.Bd5 Ne6 27.d7 Kg7 28.Bxe6  1/2-1/2

[Event "BL2-W8990"]
[Site "Germany"]
[Date "1990.??.??"]
[Round "?"]
[White "Maus, Siegfried"]
[Black "Cuijpers, Frans Andre"]
[Result "1/2-1/2"]
[WhiteElo "2320"]
[BlackElo "2400"]

1.e4 g6 2.d4 Bg7 3.Nc3 d6 4.g3 Nf6 5.Bg2 O-O 6.Nge2 e5 7.h3 c6 8.a4 a5 9.Be3 Be6
10.O-O Na6 11.f3 Nb4 12.Qd2 Bc4 13.b3 Ba6 14.Rfd1 Re8 15.Rac1 exd4 16.Bxd4 d5
17.e5 Nd7 18.f4 f6 19.exf6 Bxf6 20.Bf2 Qe7 21.Re1 Qf7 22.Rcd1 Bg7 23.Nc1 Rxe1+
24.Rxe1 Qf5 25.Re7 Bf6 26.g4 Qxc2 27.Qxc2 Nxc2 28.Rxd7 Bxc3 29.Bf1 Nb4 30.Ne2 Bb2
31.Bb6 Re8 32.Kf2 Nd3+ 33.Kg1 Nc1 34.Nxc1 Re1 35.Ne2 Bxe2 36.Kf2 Rxf1+ 37.Kxe2 Rxf4
38.Bxa5 Rf7 39.Rd8+ Kg7 40.Bb6 Bf6 41.Rc8 Be5 42.Re8 Bf6 43.Rc8 Be5  1/2-1/2

[Event "BL2-SW8990"]
[Site "Germany"]
[Date "1990.??.??"]
[Round "?"]
[White "Degenhardt, Horst"]
[Black "Sandmeier, Toni"]
[Result "1-0"]
[WhiteElo "2350"]
[BlackElo "2255"]

1.e4 d6 2.d4 g6 3.Nc3 Bg7 4.Be3 Nf6 5.h3 O-O 6.Nf3 c6 7.a4 Nbd7 8.a5 e5 9.dxe5 dxe5
10.Qd6 Ne8 11.Qa3 Nc7 12.Bc4 b5 13.Bb3 Na6 14.Qd6 Qf6 15.O-O-O Re8 16.Ng5 Re7
17.Qxf6 Bxf6 18.Rd6 Nb4 19.Rxf6 Nxf6 20.Bc5 Rc7 21.Bxb4 c5 22.Nd5 Nxd5 23.Bxd5 Rb8
24.Bd2 Kg7 25.f4 f6 26.Nf3 b4 27.fxe5 Rb5 28.exf6+ Kxf6 29.Bg5+ Kg7 30.Bd8  1-0

[Event "BL2-SW8990"]
[Site "Germany"]
[Date "1990.??.??"]
[Round "?"]
[White "Pfrommer, Christoph"]
[Black "Burkart, Patrick"]
[Result "1/2-1/2"]
[WhiteElo "2300"]
[BlackElo "2270"]

1.e4 g6 2.d4 Bg7 3.Nc3 d6 4.f4 c6 5.Nf3 Bg4 6.Be3 Qb6 7.Qd2 Bxf3 8.gxf3 Nd7
9.Bh3 Rd8 10.O-O Qa5 11.f5 Nb6 12.Qd3 Nf6 13.Bd2 Qa6 14.Qxa6 bxa6 15.Rad1 Nfd7
16.Bc1 Rb8 17.b3 c5 18.Ne2 cxd4 19.Nxd4 Rc8 20.Rf2 O-O 21.Bf1 a5 22.fxg6 hxg6
23.Nb5 a6 24.Na3 Nc5 25.Be3 Nbd7 26.Nc4 Bc3 27.Bd4 Bxd4 28.Rxd4 a4 29.b4 Ne6
30.Rd5 Nf4 31.Ra5 Rc6 32.Rd2 Rfc8 33.Ne3 Rc3 34.Kf2 Ra3 35.c4 Rb8 36.c5 Ne5
37.cxd6 exd6 38.Rxa6 Rxb4 39.Raxd6 Rb1 40.Rd8+ Kg7 41.Rc2 Nfd3+ 42.Bxd3 Nxd3+
43.Ke2 Re1+ 44.Kd2 Rxe3 45.Kxe3 Nb4+ 46.Kd2 Nxc2 47.Kxc2 Rxa2+ 48.Kd3 Rxh2
49.Ra8 Ra2 50.Ke3 Ra1 51.Kf2 a3 52.Kg2 Kf6 53.Ra7 Ke6 54.Ra5 f6 55.Kg3 g5
56.Kg2 Kd6 57.Rf5 Ke6 58.Ra5 Kf7 59.Ra8 Ke7 60.Ra6 Kf7 61.Ra8 Ke6 62.Ra5  1/2-1/2

[Event "BL2-SW8990"]
[Site "Germany"]
[Date "1990.??.??"]
[Round "?"]
[White "Reinhardt, Bernd"]
[Black "Burkart, Patrick"]
[Result "1-0"]
[WhiteElo "2255"]
[BlackElo "2270"]

1.d4 g6 2.e4 Bg7 3.Nc3 d6 4.Be3 c6 5.a4 Nf6 6.f3 O-O 7.Bc4 d5 8.exd5 cxd5
9.Bb3 Nc6 10.Nge2 b6 11.O-O Na5 12.Ba2 Ba6 13.Re1 Bc4 14.b3 Ba6 15.Nb5 Ne8
16.Rc1 Nd6 17.Nxd6 Qxd6 18.Qd2 Rac8 19.b4 Nc4 20.Bxc4 Rxc4 21.c3 Qd7 22.Ra1 Rfc8
23.Bh6 R4c7 24.b5 Bb7 25.Bxg7 Kxg7 26.Qe3 Qd6 27.f4 a6 28.Qe5+ Qxe5 29.fxe5 Ra8
30.Reb1 a5 31.Kf2 Rd8 32.h3 Bc8 33.g4 f6 34.exf6+ exf6 35.Ke3 g5 36.Kd2 Re8
37.Ng3 Rce7 38.Nh5+ Kg6 39.Rf1 Re3 40.Rf2 R8e6 41.Raf1 Kf7 42.Nxf6 Rxh3 43.Nxh7+ Kg6
44.Nf8+ Kg7 45.Rf7+ Kh8 46.Nxe6 Bxe6 47.Re7 Rh6 48.Rf8+ Bg8 49.Ree8 Kh7 50.Rxg8  1-0

[Event "BL2-N8990"]
[Site "Germany"]
[Date "1990.??.??"]
[Round "?"]
[White "Blauert, Joerg"]
[Black "Lingnau, Carsten"]
[Result "1-0"]
[WhiteElo "2295"]
[BlackElo "2230"]

1.e4 d6 2.d4 g6 3.Nc3 Bg7 4.Nf3 Nf6 5.h3 O-O 6.Be3 c6 7.a4 Nbd7 8.a5 Qc7
9.Be2 e5 10.dxe5 dxe5 11.Bc4 Nh5 12.O-O Nf4 13.Qd2 Bf6 14.Rfd1 Be7 15.Ne2 Nxe2+
16.Qxe2 Bf6 17.Ng5 Qd8 18.Qg4 Qe7 19.Qh4 h5 20.g4 Kg7 21.gxh5 Rh8 22.h6+ Kf8
23.Rd3 b5 24.axb6 Nxb6 25.Bxf7 Bb7 26.Bxg6 Nc4 27.Bc5 Qxc5 28.Nh7+  1-0

[Event "BL2-W8990"]
[Site "Germany"]
[Date "1990.??.??"]
[Round "?"]
[White "Blaskowski, Johannes"]
[Black "Cuijpers, Frans Andre"]
[Result "0-1"]
[WhiteElo "2290"]
[BlackElo "2400"]

1.e4 g6 2.d4 Bg7 3.Nc3 d6 4.f4 Nc6 5.Nf3 Bg4 6.Be3 Bxf3 7.gxf3 e6 8.Qd2 Nge7
9.O-O-O d5 10.f5 exf5 11.Bh6 O-O 12.h4 fxe4 13.Bxg7 e3 14.Qxe3 Kxg7 15.Bd3 h5
16.Rhg1 Qd6 17.Rg5 Qf6 18.Ne2 Rfe8 19.Rdg1 Nb4 20.Nf4 Nxd3+ 21.cxd3 Kf8 22.Qe5 Ng8
23.Nxh5 Qc6+  0-1

[Event "BL2-W8990"]
[Site "Germany"]
[Date "1990.??.??"]
[Round "?"]
[White "Hennig, Dirk"]
[Black "Watson, William N"]
[Result "0-1"]
[WhiteElo "2345"]
[BlackElo "2470"]

1.e4 g6 2.d4 Bg7 3.Nc3 d6 4.g3 Nc6 5.d5 Ne5 6.f4 Nd7 7.Bg2 c6 8.Be3 Ngf6
9.Nge2 Nb6 10.Bd4 c5 11.Bf2 Ng4 12.Bg1 Nc4 13.Qd3 b5 14.a4 Qa5 15.b3 b4 16.bxc4 bxc3
17.h3 Nf6 18.Ra3 Nd7 19.e5 Rb8 20.Qxc3 Rb1+ 21.Kf2 Rb4 22.Bh2 dxe5 23.g4 O-O
24.fxe5 Qc7 25.d6 Qd8 26.Rd1 exd6 27.Rxd6 Qe7 28.Rxd7 Bxd7 29.Nc1 f6 30.Bd5+ Be6
31.Bxe6+ Qxe6 32.Nd3 fxe5+  0-1

[Event "BL2-W8990"]
[Site "Germany"]
[Date "1990.??.??"]
[Round "?"]
[White "Ueter, Heinz Dieter"]
[Black "Haskamp, Stephan"]
[Result "0-1"]
[WhiteElo "2280"]
[BlackElo "2275"]

1.e4 g6 2.d4 Bg7 3.Nc3 d6 4.Nf3 Nf6 5.Be2 O-O 6.O-O Nc6 7.Bg5 h6 8.Be3 Ng4
9.Bc1 e5 10.d5 Ne7 11.Nd2 f5 12.exf5 gxf5 13.Bxg4 fxg4 14.Nde4 Nf5 15.Ne2 Qe8
16.Qd3 Qg6 17.Be3 Bd7 18.Rad1 Rae8 19.c4 a6 20.Rfe1 h5 21.N2c3 h4 22.c5 Nd4
23.Kh1 Bf5 24.cxd6 cxd6 25.Bc1 b5 26.a3 a5 27.a4 h3 28.axb5 hxg2+ 29.Kxg2 Nf3
30.Rh1 Qh5 31.Kf1 g3 32.fxg3 Bh3+ 33.Kf2 Nxh2+ 34.Ke1 Nf3+ 35.Kf2 Nd4+ 36.Ke1 Rf3
37.Qc4 Ref8 38.Ne2 Rf1+ 39.Rxf1 Rxf1+ 40.Kd2 Bh6+ 41.Kc3 Nxe2+ 42.Kb3  0-1

[Event "SWE-ch"]
[Site "Gothenburg"]
[Date "1990.??.??"]
[Round "?"]
[White "Wiedenkeller, Michael"]
[Black "Johansson, Jan"]
[Result "1/2-1/2"]
[WhiteElo "2425"]
[BlackElo "2465"]

1.d4 g6 2.e4 Bg7 3.Nc3 d6 4.f4 Nc6 5.Be3 Nf6 6.Be2 O-O 7.Nf3 e6 8.Qd2 Ne7
9.h3 b6 10.O-O Bb7 11.e5 Nfd5 12.Nxd5 Nxd5 13.Bf2 Bh6 14.g3 f6 15.c4 Ne7
16.exf6 Rxf6 17.Nh2 Rf7 18.Bf3 Bxf3 19.Nxf3 Qd7 20.Kh2 b5 21.b3 bxc4 22.bxc4 Raf8
23.Qe2 Nf5 24.Rae1 Re7 25.Qd3 Ng7 26.d5 Ref7 27.c5 exd5 28.Qxd5 Qb5 29.Rd1 c6
30.Qb3 Qxb3 31.axb3 d5 32.Ne5 Rc7 33.Ra1 Ne6 34.Ra6 Rfc8 35.Re1 Bf8 36.b4 Nd8
37.Rea1 Ra8 38.R1a5 Bg7 39.Nd3 Bc3 40.Ra3 Bf6 41.b5 Rb8 42.b6 axb6 43.cxb6 Rcb7
44.Rb3 Ne6 45.Nb4 Bd4 46.Nxc6 Bxf2 47.Nxb8 Nc5 48.Ra7 Rxb8 49.Rb5 Ne4 50.Rxd5 Bxb6
51.Re7 Nf6 52.Rd2 Kf8 53.Re6 Kf7 54.Rc6 Bd8 55.Kg2 h5  1/2-1/2

[Event "Graested"]
[Site "Graested"]
[Date "1990.??.??"]
[Round "6"]
[White "Hector, Jonny"]
[Black "Davies, Nigel R"]
[Result "0-1"]
[WhiteElo "2465"]
[BlackElo "2475"]

1.e4 d6 2.Nc3 g6 3.d4 Bg7 4.f4 Nc6 5.Be3 Nf6 6.h3 O-O 7.g4 e5 8.dxe5 dxe5
9.f5 Re8 10.Bb5 Bd7 11.g5 Nh5 12.Qg4 Nd4 13.O-O-O c6 14.Be2 Qb6 15.Kb1 Rad8
16.Nf3 Bc8 17.Rhf1 Nf4 18.Bc4 gxf5 19.Qg3 Ng6 20.exf5 Nxf5 21.Bxb6 Rxd1+
22.Rxd1 Nxg3 23.Bxa7 Bxh3 24.Rg1 e4 25.Ne1 Nf5 26.Bc5 Ne5 27.Be2 Nd7 28.Rh1 Nxc5
29.Rxh3 Ne6 30.Bg4 Nfd4 31.Rh5 e3 32.Ng2 Nc5 33.Kc1 Ne4 34.Nxe3 Ng3 35.Rh3 Rxe3
36.Nd1 Nge2+ 37.Bxe2 Rxh3 38.Bc4 Rh1 39.Kd2 Rh2+ 40.Kd3 Ne6 41.Ne3 Rh3 42.Ke4 Bxb2
43.Nf5 Kf8 44.Nd6 b5 45.Bb3  0-1

[Event "Graested"]
[Site "Graested"]
[Date "1990.??.??"]
[Round "8"]
[White "Berg, Klaus"]
[Black "Davies, Nigel R"]
[Result "1/2-1/2"]
[WhiteElo "2410"]
[BlackElo "2475"]

1.e4 g6 2.d4 Bg7 3.Nc3 d6 4.f4 Nc6 5.Be3 Nf6 6.h3 e6 7.e5 Nd5 8.Nxd5 exd5
9.Nf3 Bf5 10.Bd3 Qd7 11.Bxf5 Qxf5 12.Qe2 O-O-O 13.O-O Rhe8 14.c4 dxe5 15.fxe5 h6
16.Rac1 Qe6 17.cxd5 Rxd5 18.Qc4 Bf8 19.Nd2 Rd7 20.Qa4 Red8 21.Rf6 Qd5 22.Nb3 Qe4
23.Bf2 Nxd4 24.Nxd4 Rxd4 25.Bxd4 Rxd4 26.Qxa7 Qe3+ 27.Kh2 Qxe5+ 28.Kh1 Qxf6
29.Qa8+ Kd7 30.Qxf8 Qf4 31.Re1 Re4 32.Rxe4 Qxe4 33.Qxf7+ Kc6 34.Qf6+ Kb5
35.Qf1+ Kb6 36.Qf6+ c6 37.Kh2 h5 38.Qd6 h4 39.b4 Ka7 40.a4 g5 41.Qc5+ b6
42.Qxg5 Qxb4 43.Qg4 Qd6+ 44.g3 Qd2+ 45.Kg1 hxg3 46.Qxg3 Qd4+ 47.Kh2 Qxa4
48.h4 Qe4 49.Qg5 b5 50.h5 Qe2+ 51.Kh3 Qd3+ 52.Kg2 Qe2+ 53.Kh3 Qf3+ 54.Kh2 Qf2+
55.Kh3 Qf3+ 56.Kh2 Qf2+ 57.Kh3 Qf3+ 58.Kh2 Qf2+  1/2-1/2

[Event "Groningen op"]
[Site "Groningen"]
[Date "1990.??.??"]
[Round "2"]
[White "Van Laatum, Gozewijn"]
[Black "Davies, Nigel R"]
[Result "1-0"]
[WhiteElo "2290"]
[BlackElo "2485"]

1.d4 d6 2.e4 g6 3.Nc3 Bg7 4.Nge2 a6 5.a4 Nc6 6.d5 Na7 7.Be3 Nf6 8.h3 c5 9.g3 O-O
10.Bg2 Bd7 11.O-O b5 12.axb5 axb5 13.e5 Ne8 14.e6 fxe6 15.dxe6 Bc6 16.Rxa7 Bxg2
17.Rd7 Bxf1 18.Rxd8 Bxe2 19.Qxe2 Rxd8 20.Nd5 Bf6 21.g4 Ng7 22.g5 Bxb2 23.Nxe7+ Kh8
24.Nxg6+ hxg6 25.e7 b4 26.Qd3 Nf5 27.exd8=Q Rxd8 28.Bxc5 Bc3 29.h4 Kh7 30.Qd5 Nxh4
31.Bxb4 Bxb4 32.Qf7+ Kh8 33.Qf6+ Kh7 34.Qxd8 Nf5 35.Qd7+ Ng7 36.Qh3+ Kg8
37.Qb3+  1-0

[Event "Groningen op"]
[Site "Groningen"]
[Date "1990.??.??"]
[Round "7"]
[White "Motwani, Paul"]
[Black "Rashkovsky, Nukhim N"]
[Result "1-0"]
[WhiteElo "2425"]
[BlackElo "2530"]

1.e4 g6 2.d4 Bg7 3.Nc3 d6 4.f4 a6 5.Nf3 b5 6.Bd3 Bb7 7.e5 c5 8.dxc5 dxe5
9.Nxe5 Nf6 10.Be3 O-O 11.Qe2 Nc6 12.O-O-O Qa5 13.Kb1 Rab8 14.Bc1 b4 15.Nc4 Qc7
16.Na4 Nd5 17.Qf2 Na5 18.Nxa5 Qxa5 19.Bc4 Nf6 20.Bb3 Bc6 21.Nb6 Ne4 22.Qe3 Qxc5
23.Nd7 Bxd7 24.Rxd7 Qc6 25.Rxe7 Nc5 26.Rd1 a5 27.Bd5 Qc8 28.f5 gxf5 29.Qg3 Na4
30.Bh6  1-0

[Event "HUN-chop"]
[Site "Gyor"]
[Date "1990.??.??"]
[Round "5"]
[White "Kuporosov, Viktor"]
[Black "Shchekachev, Andrei"]
[Result "0-1"]
[WhiteElo "2300"]
[BlackElo "2265"]

1.e4 d6 2.d4 g6 3.Nc3 Bg7 4.f4 b6 5.Nf3 Bb7 6.Bd3 c5 7.d5 a6 8.a4 Nf6 9.O-O O-O
10.Bc4 Ne8 11.Qe1 Nc7 12.Qh4 e6 13.dxe6 fxe6 14.Qh3 d5 15.Rd1 Qd7 16.Ra3 Bd4+
17.Nxd4 cxd4 18.Ba2 dxc3 19.Rxc3 Qf7 20.f5 Nc6 21.Bh6 b5 22.Bxf8 Rxf8 23.exd5 Nxd5
24.axb5 axb5 25.Rf3 Ne5 26.fxe6 Nxf3+ 27.gxf3 Qe7 28.Bxd5 Qc5+ 29.Kh1 Bxd5
30.e7 Rxf3 31.Qe6+ Bxe6 32.e8=Q+ Kg7 33.Qxe6 Qg5 34.Re1 Kh6 35.Qe2 Qf4 36.Rg1 Rf2  0-1

[Event "Hamburg IMT"]
[Site "Hamburg"]
[Date "1990.??.??"]
[Round "8"]
[White "Hausner, Ivan"]
[Black "Schlemmermeyer, Wilhelm"]
[Result "0-1"]
[WhiteElo "2440"]
[BlackElo "2390"]

1.e4 g6 2.d4 Bg7 3.Nc3 d6 4.h4 h5 5.Be3 c6 6.Qd2 b5 7.Nh3 Bxh3 8.Rxh3 Nf6
9.f3 Nbd7 10.a4 a6 11.Bd3 O-O 12.Rh1 Qc7 13.g4 e5 14.g5 Nd5 15.Nxd5 cxd5
16.c3 Nb6 17.dxe5 dxe4 18.exd6 Qd8 19.Bxb6 Qxb6 20.Bxe4 Rad8 21.a5 Qc5 22.Rd1 Be5
23.Qf2 Qc8 24.Qb6 Rfe8 25.Kf2 Re6 26.Bb7 Qb8 27.Bxa6 Bxd6 28.Qxb8 Rxb8 29.Rhe1 Bc5+
30.Kg2 Rxa6 31.b4 Bf8 32.Rd5 Rc6 33.Ree5 Rxc3 34.Rxb5 Rc2+ 35.Kf1 Rd8 36.Re2 Rd1+
37.Kf2 Rc4 38.Re8 Kg7 39.Rbb8 Rc2+ 40.Ke3 Re1+ 41.Kd3 Rxe8 42.Rxe8 Rb2 43.a6 Rb3+
44.Kc2 Ra3 45.b5 Bc5 46.Re5 Bf2 47.Re4 Rxf3 48.Rb4 Ra3 49.Kb2 Ra5 50.Kb3 Kf8
51.Kc4 Ke7 52.Kd5 Kd7 53.Ke5 Bc5 54.Rb3 Be7 55.Rd3+ Kc7 56.Rd5 Ra1 57.Rd4 Ra5
58.Rd5 Ra1 59.Rd4 Re1+ 60.Kd5 Rc1 61.Ra4 Rd1+ 62.Ke5 Rd8 63.a7 Ra8 64.Ra2 Kb7
65.Rf2 Rf8 66.Rd2 Rd8 67.Rf2 Rf8 68.Rd2 Re8 69.Rd7+ Ka8 70.Kf4 Bc5 71.Rxf7 Bd6+
72.Kf3 Rf8 73.Rxf8+ Bxf8 74.b6 Bd6  0-1

[Event "Mephisto (Women)"]
[Site "Hamburg"]
[Date "1990.??.??"]
[Round "9"]
[White "Gruenberg, Regina"]
[Black "Semenova, Lidia K"]
[Result "0-1"]
[WhiteElo "2120"]
[BlackElo "2295"]

1.e4 g6 2.d4 Bg7 3.Nc3 d6 4.f4 Nd7 5.Nf3 c6 6.Be2 b5 7.O-O Nb6 8.Qe1 d5 9.exd5 Nxd5
10.a4 bxa4 11.Nxa4 Bf5 12.c3 Ngf6 13.Ne5 Qc7 14.g4 Bc8 15.Nc5 Nd7 16.Ncxd7 Bxd7
17.Bd3 O-O 18.Qh4 f5 19.Rf3 fxg4 20.Rg3 Bf5 21.Bxf5 Rxf5 22.Qxg4 Raf8 23.Ra6 Bxe5
24.dxe5 Qb7 25.Ra1 Qb6+ 26.Kg2 Nxf4+ 27.Bxf4 Qxb2+ 28.Kh3 Qxa1 29.Bh6 Qf1+
30.Kh4 Rf4  0-1

[Event "Helsinki"]
[Site "Helsinki"]
[Date "1990.??.??"]
[Round "4"]
[White "Raaste, Eero J"]
[Black "Yrjola, Jouni"]
[Result "1/2-1/2"]
[WhiteElo "2380"]
[BlackElo "2495"]

1.e4 g6 2.d4 Bg7 3.Nc3 d6 4.Bg5 c6 5.Qd2 b5 6.f4 Nd7 7.Nf3 b4 8.Nd1 Qb6 9.e5 f6
10.exf6 Ngxf6 11.Bd3 c5 12.f5 gxf5 13.Bxf5 cxd4 14.Nxd4 Nc5 15.Bxc8 Nfe4
16.Qe3 Nxg5 17.Qxg5 Bxd4 18.Qg4 Ne4 19.Qd7+ Kf7 20.Qf5+ Nf6 21.Be6+ Ke8 22.g4 Qc6
23.Rf1 Rb8 24.Bb3 Be5 25.g5 Qe4+ 26.Kd2 Qxf5 27.Rxf5 Ne4+ 28.Ke3 Nc5 29.h4 Kd7
30.a3 a6 31.Bc4 a5 32.Be2 a4 33.Bg4 Kc6 34.Rf7 e6 35.Re7 bxa3 36.Rxa3 Rb4
37.Bxe6 Rxh4 38.Nc3 Nxe6 39.Rxe6 Rb8 40.Rxa4 Rh3+ 41.Kd2 Rxb2 42.Ne2 Rb7
43.Rh6 Rxh6 44.gxh6 Rf7 45.Rh4 Kd5 46.Ke3 Rc7 47.Kd3 Ke6 48.Nd4+ Kf6 49.Rg4 Rf7
50.Rg7 Rxg7  1/2-1/2

[Event "Hessen-ch"]
[Site "Hessen"]
[Date "1990.??.??"]
[Round "3"]
[White "Schmitzer, Klaus"]
[Black "Buchal, Stephan"]
[Result "1/2-1/2"]
[WhiteElo "2305"]
[BlackElo "2320"]

1.e4 g6 2.d4 Bg7 3.Nc3 d6 4.Be3 a6 5.Qd2 Nd7 6.h4 h5 7.Nh3 b5 8.a4 b4 9.Nd1 Ngf6
10.Ng5 Bb7 11.Qxb4 Rb8 12.Qb3 O-O 13.Qd3 c5 14.d5 Ne5 15.Qd2 e6 16.dxe6 Nxe4
17.exf7+ Kh8 18.Nxe4 Bxe4 19.Bh6 Qe7 20.Bxg7+ Kxg7 21.Qe3 Bxc2 22.Bxa6 Rb4
23.O-O Qxh4 24.f4 Ng4 25.Qh3 Qf6 26.Qc3 Bxa4 27.Nf2 Bc6 28.Nxg4 hxg4 29.Rad1 Qxc3
30.bxc3 Rb2 31.Rf2 Rxf2 32.Kxf2 d5 33.Kg3 Rxf7 34.Kxg4 Ra7 35.Be2 Ra3 36.Bf3 Rxc3
37.Bxd5 Ba4 38.Ra1 Bd7+ 39.Kh4 Rd3 40.Bf3 Rd4 41.Kg5 Be6 42.Ra7+ Bf7 43.Rc7 c4
44.f5 Rd6 45.g4 gxf5 46.gxf5 Kf8 47.f6 Re6 48.Bc6 Re5+ 49.Kf4 Re1 50.Be4 Ke8
51.Bc6+ Kf8 52.Rc8+ Be8 53.Bd5 Rf1+ 54.Ke5 Re1+ 55.Be4 c3 56.Kf5 Rf1+ 57.Ke5 Re1
58.Kd4 Kf7 59.Ke5 Kf8  1/2-1/2